Nursing Research Generating & Assessing Evidence: (Record no. 1730)

MARC details
000 -LEADER
Fixed length control field 00725nam a2200229Ia 4500
003 - CONTROL NUMBER IDENTIFIER
Control field IIN
005 - DATE AND TIME OF LATEST TRANSACTION
Control field 20250403170323.0
008 - FIXED-LENGTH DATA ELEMENTS--GENERAL INFORMATION
Fixed length control field 250403s9999 xx d 001 0 eng d
020 ## - INTERNATIONAL STANDARD BOOK NUMBER / ISBN
Price Rs.1799.00
International Standard Book Number 9789389859324
040 ## - CATALOGING SOURCE
Original cataloging agency IIN
Language of cataloging English
082 ## - DEWEY DECIMAL CLASSIFICATION NUMBER
Classification number 610.73072
Book Number POL
100 1# - MAIN ENTRY--PERSONAL NAME
Personal name Polit, Denise F.
245 1# - TITLE STATEMENT
Title Nursing Research Generating & Assessing Evidence:
Sub title for Nursing Practice
Statement of responsibility Denise F. Polit & Cheryl Tatano Beck
250 ## - EDITION STATEMENT
Edition statement 11th ed
Remainder of edition statement South Asian Edition
260 ## - IMPRINT
Name of publisher Wolters Kluwer
Place of publication New Delhi
Date of publication 2021
300 ## - PHYSICAL DESCRIPTION
Page / Vol. No xviii, 839p.
Other physical details ill.
500 ## - GENERAL NOTE
General note Includes Index
650 1# - SUBJECT ADDED ENTRY--TOPICAL TERM
Topical term Research
Form subdivision Nursing
650 1# - SUBJECT ADDED ENTRY--TOPICAL TERM
Topical term Generating & Assessing Evidence
Form subdivision Research
700 1# - ADDED ENTRY--PERSONAL NAME
Personal name Beck, Cheryl Tatano
942 ## - ADDED ENTRY ELEMENTS (KOHA)
Koha item type Books
Holdings
Withdrawn status Lost status Source of classification Damaged status Not for loan Collection code Home library Current library Shelving location Date acquired Price Total Checkouts Call number Accession number Date last seen Price effective from Koha item type
    Dewey Decimal Classification     Purches Book IDEAL INSTITUTE OF NURSING IDEAL INSTITUTE OF NURSING General Stacks 11/03/2025 1799.00   610.73072 POL 1849 03/04/2025 03/04/2025 Books
© Ideal Institute Of Nursing, All rights reserved.         Powered by Koha